000 00481nam a2200181Ia 4500
005 20250326124211.0
008 250326s9999 xx 000 0 und d
037 _aTextbook
040 _aFMSL
_beng
_cFMSL
041 _aeng
_2eng
084 _aX:51b K7;1
_qFMSL
100 _aHudson C L
245 0 _aProfessional salesmanship
_cHudson C L
260 _aLondon
_bLondon, Staples
_c1967
300 _a356p
942 _cTB
_hX:51b K7;1
999 _c1272710
_d1272710